| 000 | 00917ata a2200313 4500 | ||
|---|---|---|---|
| 005 | 20260313190331.0 | ||
| 008 | 150526b2013 xxu||||| |||| 00| 0 spa d | ||
| 020 | _a9786071508294 | ||
| 041 | _aESP | ||
| 082 | _a001.42 H557m | ||
| 100 | _aHernández Sampieri, Roberto | ||
| 100 | _aZapata Salazar, Nancy Elena | ||
| 100 | _aMendoza Torres, Cristiana Paulina | ||
| 245 | _aMetodología de la investigación para bachillerato | ||
| 260 | _aMéxico | ||
| 260 | _bMcGraw-Hill | ||
| 260 | _c2013 | ||
| 300 |
_a212 páginas _bFotografías a color |
||
| 490 | _aTemática General | ||
| 650 | _aMÉTODOS DE INVESTIGACIÓN | ||
| 650 | _aINVESTIGACIÓN CIENTÍFICA | ||
| 650 | _aPLANTEAMIENTO DEL PROBLEMA | ||
| 650 | _aMARCO TEÓRICO | ||
| 650 | _aFORMULACIÓN DE HIPÓTESIS | ||
| 650 | _aSELECCIÓN DE MUESTRA | ||
| 650 | _aRECOLECCIÓN DE DATOS | ||
| 650 | _aANÁLISIS DE DATOS | ||
| 942 |
_cBK _2ddc |
||
| 999 |
_c6013 _d6013 |
||